1862 1408 1273 1797 1471 1607 1928 1919 1562 1426 1915 1996 1616 1291 1953 1161 1677 1678 1072 1368 1102 1507 1098 1847 1492 1901 1054 1594 1791 1899 1326 1558 1630 1953 1711 1246 1295 1844 1178 1054 1963 1077 1851 1688 1556 1386 1647 1886 1178 1980 1159 1703 1979 1849 1236 1827 1859 1217 1577 1352 1491 1015 1681 1415 1739 1749 1620 1353 1999 1755 1106 1434 1486 1675 1555 1195 1764 1184 1111 1304 1994 1749 1505 1211 1304 1738 1547 1375 1822 1095 1075 1423 1501 1284 1207 1463 1642 1815 1314 BCNSPRNW ULIB Ver.6.0+V

เปลี่ยนเป็นภาษาไทย

Change to English
 แสดงรายละเอียดบรรณานุกรม
  กลับหน้าหลัก

Brief Record : Get Marc (ISO 2709) : E-mail record : QR code < ปิดหน้าต่าง
LEADER : 00000nam 2200000uu 4500
001    13399120751
003     ULIB
008    121009s2551||||th 000 0 tha d
020    ^a9789741109296
060 04 ^aWC503^bก724ร
100 0  กุลกัญญา โชคไพบูลย์กิจ
245 00 ^aโรคติดเชื้อเอชไอวี/เอดส์ในเด็ก :^bตำราเพื่อบุคลากรที่ดูแลรักษาเด็กและครอบครัวที่ติดเชื้อเอชไอวี /^cบรรณาธิการ, กุลกัญญา โชคไพบูลย์กิจ
250    ^aพิมพ์ครั้งที่ 1
260    ^aกรุงเทพฯ :^bสาขาวิชาโรคติดเชื้อ ภาควิชากุมารเวชศาสตร์คณะแพทยศาสตร์ศิริราชพยาบาล,^c2551
300    ^a350 หน้า :^bภาพประกอบ ;^c24 ซม.
500    ^aหนังสือได้รับรางวัลประเภทชมเชย รางวัลตำราศิริราช-มหิดล ปี2551
650  7 ^aผู้ติดเชื้อเอชไอวี
650  7 ^aโรคเอดส์ในเด็ก
650  7 ^aกลุ่มอาการภูมิคุ้มกันเสื่อม^xในวัยทารกและวัยเด็ก
650  7 ^aรางวัลตำราศิริราช-มหิดล
653    ^aผลงานอาจารย์คณะแพทยศาสตร์ศิริราชพยาบาล
700 0  ^aกุลกัญญา โชคไพบูลย์กิจ,^eบรรณาธิการ
710 2  ^aมหาวิทยาลัยมหิดล. ^bคณะแพทยศาสตร์ศิริราชพยาบาล.^bภาควิชากุมารเวชศาสตร์
945    ^p400^l0^i15427
995    ^aทศพร
999    ^aทศพร เกษรทอง
รายการนี้ยังไม่มีแท็ก
คุณยังไม่ได้ล็อกอิน คุณสามารถมีกิจกรรมร่วมกับเว็บไซต์ได้ แต่ต้องล็อกอินก่อน ::
  ล็อกอิน

รายการสื่อสารสนเทศ

ลำดับที่ ประเภท เลขเรียก/บาร์โค้ด สถานที่ สถานะ
1. วิทยาศาสตร์การแพทย์ และสุขภาพ
วิทยาศาสตร์การแพทย์ และสุขภาพ
WC503 ก724ร ฉ.1 
  Barcode: 15427
ห้องสมุดวิทยาเขตสวรรค์ประชารักษ์
►หนังสือทั่วไป
บนชั้น

รายการใกล้เคียง
    ผู้แต่ง [กุลกัญญา โชคไพบูลย์กิจ]

    หัวเรื่อง [ผู้ติดเชื้อเอชไอวี]
    หัวเรื่อง [โรคเอดส์ในเด็ก]
    หัวเรื่อง [รางวัลตำราศิริราช-มหิดล]

BibComment


ยังไม่เคยถูกคอมเมนท์

คอมเมนท์ทรัพยากรรายการนี้
  คอมเมนท์: โรคติดเชื้อเอชไอ..


 Copyright 2026. Bcnsprnw @Library